| 000 | 00713nam a2200181 a 4500 | ||
|---|---|---|---|
| 001 | 000033931 | ||
| 005 | 20200930070632.0 | ||
| 008 | 110914s1980 es ab 000 0 spa d | ||
| 020 | _a8400047427 | ||
| 040 |
_aDO-SdBNP _bspa _cBNPHU |
||
| 100 | 1 |
_aSevilla Soler, Rosario _959378 |
|
| 245 | 1 | 0 |
_aSanto Domingo tierra de frontera : 1750-1800 / _cRosario Sevilla Soler. |
| 260 |
_aSevilla : _bEscuela de Estudios Hispano-Americanos, _c1980. |
||
| 300 |
_a502 p. ; _c24 cm. |
||
| 490 | 1 |
_aPublicaciones de la Escuela de Estudios Hispano-Americanos _v217 |
|
| 500 | _aIncluye referencias bibliográficas y notas al pie de las páginas | ||
| 830 | 0 |
_aPublicaciones de la Escuela de Estudios Hispano-Americanos _v217 _958962 |
|
| 999 |
_c33422 _d33422 |
||